000 01207nam0a2200301 4500
001 RU\NLR\ONL2\30154
005 20260407071104.0
035 _a(NLR Aleph) 010217107
090 _a10303668
_c10303668
100 _a20140210d1967 |||y0rusy50 ca
101 0 _asah
102 _aRU
105 _aa |||||||||
200 1 _aБотаника
_eорто оскуола V - VI кылаастарыгар үөрэнэр кинигэ
_fБ. В. Всесвятскай
205 _a3-с тахс.
210 _aЯкутскай
_cСаха сиринээҕи кинигэ изд-вота
_d1967
215 _a207,[1] с.
_cил.
_d22
541 1 _aБотаника
_eучебник для V - VI кл. сред. шк.
_zrus
606 1 _aБотаника
_jУчебники для средней школы
_91200436
_3RU\NLR\AUTH\66167725
686 1 _aЕ5 я72
700 1 _4070
_7ca
_8rus
_aВсесвятский
_bБ. В.
_f1887-1987
_gБорис Васильевич
_3RU\NLR\AUTH\770244505
_9244449
801 0 _aRU
_bNLR
_c20140210
_gPSBO
852 _aNLR
_bОНЛ
_jЯкут./3-1500
942 _cBOOK
980 _aNB
980 _aONL_RF